| 000 | 00382nam a2200145Ia 4500 | ||
|---|---|---|---|
| 008 | 230312s9999||||xx |||||||||||||| ||und|| | ||
| 082 |
_a044 _bSIN-C |
||
| 100 | _aSinha,P.K | ||
| 245 | 0 | _aComputer Fundamentals | |
| 260 | _c1990 | ||
| 300 | _a247 | ||
| 546 | _aEng. | ||
| 650 |
_aComputer _vCharacterstics of computer, computer generations ,basic computer organization |
||
| 942 | _cBK | ||
| 999 |
_c2871 _d2871 |
||